我的肯定句媽媽

資料類型: Book 圖書   書目號:50779

Leader xxxxxxxxxx
001 __ PCLIS00050779
005 __ 20100409085044.0008
010 0_ |a9789866745591|b平裝|dNT$260
020 __ |atw|b98001826
042 __ |anbic
050 __ |a002016639
100 __ |a20090317d2009    m  y0chib50      e
101 0_ |achi
102 __ |atw
105 __ |ao   z   000cd
200 1_ |a我的肯定句媽媽|e|f丘引著
205 __ |a初版
210 __ |a臺北市|c寶瓶文化出版|a臺北縣[新莊市]|c大和書報總經銷|d2009.02
215 0_ |a237面|c|d21公分
225 1_ |aCatcher|v25
300 __ |a
606 __ |2csh|a親子關係
606 __ |2csh|a子女教育
606 __ |2csh|a通俗作品
681 __ |a855|b865:25-2
700 _1 |a|b|c(中國文學)|4
702 __ |a|b|4
801 _0 |atw|bCIP|c20090205|gCCR
801 _1 |atw|bCIP|c20090205|gCCR
801 _2 |atw|b國圖|c20100406|gCCR
詳細館藏(共 1 筆)
索 書 號登 錄 號冊次號館別 / 館藏地流通類型狀態加入預約清單電子資源
855 / 865 2020211  圖書館 / 一樓普通區 可外借30天 在館   

| 條列資料




目錄查詢 分類查詢 個人資料 圖書薦購 新書查詢 閉館日 排行榜 更多電子資源 Hami書城 線上資料庫 登出

From : 216.73.217.87

  本日流通累計至 21:56:47 借閱 : 1 次 續借 : 0 次 歸還 : 2 次 預約 : 0 次 電子資源 : 0 次


內湖高中圖書館  PCLIS 版本  26.5.0.12